<?xml version="1.0" encoding="UTF-8"?>
<record
    xmlns:xsi="http://www.w3.org/2001/XMLSchema-instance"
    xsi:schemaLocation="http://www.loc.gov/MARC21/slim http://www.loc.gov/standards/marcxml/schema/MARC21slim.xsd"
    xmlns="http://www.loc.gov/MARC21/slim">

  <leader>00563nam a2200193   4500</leader>
  <controlfield tag="003">SEACOMEC</controlfield>
  <controlfield tag="005">20240819153328.0</controlfield>
  <controlfield tag="008">240202b        |||||||| |||| 00| 0 eng d</controlfield>
  <datafield tag="020" ind1=" " ind2=" ">
    <subfield code="c">Rs.225.00</subfield>
    <subfield code="a">978-9332550100</subfield>
  </datafield>
  <datafield tag="040" ind1=" " ind2=" ">
    <subfield code="a">SEACOMEC</subfield>
  </datafield>
  <datafield tag="082" ind1=" " ind2=" ">
    <subfield code="a">004.62</subfield>
    <subfield code="b">C732</subfield>
  </datafield>
  <datafield tag="100" ind1=" " ind2=" ">
    <subfield code="a">Comer,Douglas E.</subfield>
  </datafield>
  <datafield tag="245" ind1="1" ind2=" ">
    <subfield code="a">Internetworking with TCP/IP: Vol-1 :  principles, protocols and architecture</subfield>
    <subfield code="c">Douglas E. Comer</subfield>
  </datafield>
  <datafield tag="250" ind1=" " ind2=" ">
    <subfield code="a">4th ed.</subfield>
  </datafield>
  <datafield tag="260" ind1=" " ind2=" ">
    <subfield code="a">Delhi</subfield>
    <subfield code="b">pearson</subfield>
    <subfield code="c">2005</subfield>
  </datafield>
  <datafield tag="300" ind1=" " ind2=" ">
    <subfield code="a">Vol.1</subfield>
  </datafield>
  <datafield tag="650" ind1=" " ind2=" ">
    <subfield code="a">Computer science, Interfacing and communications</subfield>
  </datafield>
  <datafield tag="942" ind1=" " ind2=" ">
    <subfield code="c">BOOK</subfield>
  </datafield>
  <datafield tag="952" ind1=" " ind2=" ">
    <subfield code="0">0</subfield>
    <subfield code="1">0</subfield>
    <subfield code="2">ddc</subfield>
    <subfield code="4">0</subfield>
    <subfield code="7">0</subfield>
    <subfield code="a">SEACOMEC</subfield>
    <subfield code="b">SEACOMEC</subfield>
    <subfield code="d">2006-06-06</subfield>
    <subfield code="l">0</subfield>
    <subfield code="o">004.62 C732</subfield>
    <subfield code="p">02091</subfield>
    <subfield code="r">2024-08-19 15:34:04</subfield>
    <subfield code="w">2024-08-19</subfield>
    <subfield code="y">BOOK</subfield>
  </datafield>
  <datafield tag="952" ind1=" " ind2=" ">
    <subfield code="0">0</subfield>
    <subfield code="1">0</subfield>
    <subfield code="2">ddc</subfield>
    <subfield code="4">0</subfield>
    <subfield code="7">0</subfield>
    <subfield code="a">SEACOMEC</subfield>
    <subfield code="b">SEACOMEC</subfield>
    <subfield code="d">2006-06-06</subfield>
    <subfield code="l">0</subfield>
    <subfield code="o">004.62 C732</subfield>
    <subfield code="p">02092</subfield>
    <subfield code="r">2024-08-19 15:34:04</subfield>
    <subfield code="t">1</subfield>
    <subfield code="w">2024-08-19</subfield>
    <subfield code="y">BOOK</subfield>
  </datafield>
  <datafield tag="952" ind1=" " ind2=" ">
    <subfield code="0">0</subfield>
    <subfield code="1">0</subfield>
    <subfield code="2">ddc</subfield>
    <subfield code="4">0</subfield>
    <subfield code="7">0</subfield>
    <subfield code="a">SEACOMEC</subfield>
    <subfield code="b">SEACOMEC</subfield>
    <subfield code="d">2006-06-06</subfield>
    <subfield code="l">0</subfield>
    <subfield code="o">004.62 C732</subfield>
    <subfield code="p">02093</subfield>
    <subfield code="r">2024-08-19 15:34:04</subfield>
    <subfield code="t">2</subfield>
    <subfield code="w">2024-08-19</subfield>
    <subfield code="y">BOOK</subfield>
  </datafield>
  <datafield tag="952" ind1=" " ind2=" ">
    <subfield code="0">0</subfield>
    <subfield code="1">0</subfield>
    <subfield code="2">ddc</subfield>
    <subfield code="4">0</subfield>
    <subfield code="7">0</subfield>
    <subfield code="a">SEACOMEC</subfield>
    <subfield code="b">SEACOMEC</subfield>
    <subfield code="d">2006-06-06</subfield>
    <subfield code="l">0</subfield>
    <subfield code="o">004.62 C732</subfield>
    <subfield code="p">02094</subfield>
    <subfield code="r">2024-08-19 15:34:04</subfield>
    <subfield code="t">3</subfield>
    <subfield code="w">2024-08-19</subfield>
    <subfield code="y">BOOK</subfield>
  </datafield>
  <datafield tag="952" ind1=" " ind2=" ">
    <subfield code="0">0</subfield>
    <subfield code="1">0</subfield>
    <subfield code="2">ddc</subfield>
    <subfield code="4">0</subfield>
    <subfield code="7">0</subfield>
    <subfield code="a">SEACOMEC</subfield>
    <subfield code="b">SEACOMEC</subfield>
    <subfield code="d">2006-06-06</subfield>
    <subfield code="l">0</subfield>
    <subfield code="o">004.62 C732</subfield>
    <subfield code="p">02095</subfield>
    <subfield code="r">2024-08-19 15:34:04</subfield>
    <subfield code="t">4</subfield>
    <subfield code="w">2024-08-19</subfield>
    <subfield code="y">BOOK</subfield>
  </datafield>
  <datafield tag="952" ind1=" " ind2=" ">
    <subfield code="0">0</subfield>
    <subfield code="1">0</subfield>
    <subfield code="2">ddc</subfield>
    <subfield code="4">0</subfield>
    <subfield code="7">0</subfield>
    <subfield code="a">SEACOMEC</subfield>
    <subfield code="b">SEACOMEC</subfield>
    <subfield code="d">2006-06-06</subfield>
    <subfield code="l">0</subfield>
    <subfield code="o">004.62 C732</subfield>
    <subfield code="p">02096</subfield>
    <subfield code="r">2024-08-19 15:34:04</subfield>
    <subfield code="t">5</subfield>
    <subfield code="w">2024-08-19</subfield>
    <subfield code="y">BOOK</subfield>
  </datafield>
  <datafield tag="952" ind1=" " ind2=" ">
    <subfield code="0">0</subfield>
    <subfield code="1">0</subfield>
    <subfield code="2">ddc</subfield>
    <subfield code="4">0</subfield>
    <subfield code="7">0</subfield>
    <subfield code="a">SEACOMEC</subfield>
    <subfield code="b">SEACOMEC</subfield>
    <subfield code="d">2006-06-06</subfield>
    <subfield code="l">0</subfield>
    <subfield code="o">004.62 C732</subfield>
    <subfield code="p">02097</subfield>
    <subfield code="r">2024-08-19 15:34:04</subfield>
    <subfield code="t">6</subfield>
    <subfield code="w">2024-08-19</subfield>
    <subfield code="y">BOOK</subfield>
  </datafield>
  <datafield tag="952" ind1=" " ind2=" ">
    <subfield code="0">0</subfield>
    <subfield code="1">0</subfield>
    <subfield code="2">ddc</subfield>
    <subfield code="4">0</subfield>
    <subfield code="7">0</subfield>
    <subfield code="a">SEACOMEC</subfield>
    <subfield code="b">SEACOMEC</subfield>
    <subfield code="d">2006-06-06</subfield>
    <subfield code="l">0</subfield>
    <subfield code="o">004.62 C732</subfield>
    <subfield code="p">02098</subfield>
    <subfield code="r">2024-08-19 15:34:04</subfield>
    <subfield code="t">7</subfield>
    <subfield code="w">2024-08-19</subfield>
    <subfield code="y">BOOK</subfield>
  </datafield>
  <datafield tag="952" ind1=" " ind2=" ">
    <subfield code="0">0</subfield>
    <subfield code="1">0</subfield>
    <subfield code="2">ddc</subfield>
    <subfield code="4">0</subfield>
    <subfield code="7">0</subfield>
    <subfield code="a">SEACOMEC</subfield>
    <subfield code="b">SEACOMEC</subfield>
    <subfield code="d">2006-06-06</subfield>
    <subfield code="l">0</subfield>
    <subfield code="o">004.62 C732</subfield>
    <subfield code="p">02099</subfield>
    <subfield code="r">2024-08-19 15:34:04</subfield>
    <subfield code="t">8</subfield>
    <subfield code="w">2024-08-19</subfield>
    <subfield code="y">BOOK</subfield>
  </datafield>
  <datafield tag="952" ind1=" " ind2=" ">
    <subfield code="0">0</subfield>
    <subfield code="1">0</subfield>
    <subfield code="2">ddc</subfield>
    <subfield code="4">0</subfield>
    <subfield code="7">0</subfield>
    <subfield code="a">SEACOMEC</subfield>
    <subfield code="b">SEACOMEC</subfield>
    <subfield code="d">2006-06-06</subfield>
    <subfield code="l">0</subfield>
    <subfield code="o">004.62 C732</subfield>
    <subfield code="p">02100</subfield>
    <subfield code="r">2024-08-19 15:34:04</subfield>
    <subfield code="t">9</subfield>
    <subfield code="w">2024-08-19</subfield>
    <subfield code="y">BOOK</subfield>
  </datafield>
  <datafield tag="952" ind1=" " ind2=" ">
    <subfield code="0">0</subfield>
    <subfield code="1">0</subfield>
    <subfield code="2">ddc</subfield>
    <subfield code="4">0</subfield>
    <subfield code="7">0</subfield>
    <subfield code="a">SEACOMEC</subfield>
    <subfield code="b">SEACOMEC</subfield>
    <subfield code="d">2007-07-12</subfield>
    <subfield code="l">0</subfield>
    <subfield code="o">004.62 C732</subfield>
    <subfield code="p">7578</subfield>
    <subfield code="r">2024-08-19 15:35:04</subfield>
    <subfield code="t">10</subfield>
    <subfield code="w">2024-08-19</subfield>
    <subfield code="y">BOOK</subfield>
  </datafield>
  <datafield tag="952" ind1=" " ind2=" ">
    <subfield code="0">0</subfield>
    <subfield code="1">0</subfield>
    <subfield code="2">ddc</subfield>
    <subfield code="4">0</subfield>
    <subfield code="7">0</subfield>
    <subfield code="a">SEACOMEC</subfield>
    <subfield code="b">SEACOMEC</subfield>
    <subfield code="d">2007-07-12</subfield>
    <subfield code="l">0</subfield>
    <subfield code="o">004.62 C732</subfield>
    <subfield code="p">7579</subfield>
    <subfield code="r">2024-08-19 15:35:04</subfield>
    <subfield code="t">11</subfield>
    <subfield code="w">2024-08-19</subfield>
    <subfield code="y">BOOK</subfield>
  </datafield>
  <datafield tag="952" ind1=" " ind2=" ">
    <subfield code="0">0</subfield>
    <subfield code="1">0</subfield>
    <subfield code="2">ddc</subfield>
    <subfield code="4">0</subfield>
    <subfield code="7">0</subfield>
    <subfield code="a">SEACOMEC</subfield>
    <subfield code="b">SEACOMEC</subfield>
    <subfield code="d">2007-07-12</subfield>
    <subfield code="l">0</subfield>
    <subfield code="o">004.62 C732</subfield>
    <subfield code="p">7580</subfield>
    <subfield code="r">2024-08-19 15:35:04</subfield>
    <subfield code="t">12</subfield>
    <subfield code="w">2024-08-19</subfield>
    <subfield code="y">BOOK</subfield>
  </datafield>
  <datafield tag="999" ind1=" " ind2=" ">
    <subfield code="c">572</subfield>
    <subfield code="d">572</subfield>
  </datafield>
</record>
